American Prime-Time Cartoons - Statistics

General Stats
  • This quiz has been taken 30,674 times
    7,555 since last reset
  • The average score is 5 of 8
Answer Stats
Years aired # Episodes Cartoon % Correct
1989– 728 The Simpsons
98%
1999– 389 Family Guy
91%
2005– 330 American Dad!
70%
1999–2013 140 Futurama
58%
1960–1966 166 The Flintstones
49%
2011– 238 Bob's Burgers
41%
1997–2010 259 King of the Hill
41%
2009–2013 88 The Cleveland Show
33%
No matching quizzes found
Score Distribution
Percent of People with Each Score
Percentile by Number Answered
Your Score History
You have not taken this quiz since the last reset